| 000 | 00479cam a22001217a 4500 | ||
|---|---|---|---|
| 008 | 180718b606+p. xxu||||| |||| 00| 0 eng d | ||
| 082 | _aA99 J185/B119 | ||
| 245 |
_aBabu Jagjivan Ram in Parliament: a commemorative volume _cby Lok Sabha Sabha Secretariat |
||
| 260 |
_aNew Delhi _bLok Sabha Secretariat _c606+p. |
||
| 650 | _aRam, Jagjivan, 1908-1986,Statesman - India - Biography | ||
| 650 | _aRam, Jagjivan - Criticism and interpretation | ||
| 700 | _aIndia. Lok Sabha Secretariat | ||
| 999 |
_c487510 _d487510 |
||